| 000 | 00640nam a22002417a 4500 | ||
|---|---|---|---|
| 003 | UA-OsUOA | ||
| 001 | 22822 | ||
| 007 | ta | ||
| 008 | 20031225b un ||||| |||| 00| 0 ukr d | ||
| 100 | _aТаксиль Л. | ||
| 090 |
_a27 (091) _bТ15 |
||
| 942 | _cBK | ||
| 040 |
_aUA-OsUOA _brus _cUA-OsUOA _dUA-OsUOA |
||
| 245 | _aСвященный вертеп | ||
| 300 | _a544 с. | ||
| 955 | _a4 | ||
| 041 | _arus | ||
| 080 | _a27 (091) | ||
| 260 |
_aКиев _bПолитиздат Украины _c1985 |
||
| 044 | _aUA | ||
| 650 | 7 |
_a27 Загальна історія Християнської церкви _2UDC |
|
| 999 |
_c309051 _d309051 |
||